Vznik marketingovej agentúry by mal podporiť predaj domácich potravín

Zväčšovanie schodku zahraničného obchodu SR v odvetví poľnohospodárstva. Vývozy a dovozy. Hlavná príčina nepriaznivého vývoja zahraničného obchodu agrárneho sektora. Situáciu by mala zlepšiť centrálna marketingová agentúra slovenského agrokomplexu, ktorá by mala začať pracovať v budúcom roku. Existe...

Descrizione completa

Salvato in:
Dettagli Bibliografici
Autore principale: Janků, Jana
Natura: Capitolo di libro
Lingua:slovacco
Soggetti:
Tags: Aggiungi Tag
Nessun Tag, puoi essere il primo ad aggiungerne!!

MARC

LEADER 00000naa a2200000 4500
001 r035375
005 20230921103830.4
041 0 |a slo 
044 |a SK 
245 1 0 |a Vznik marketingovej agentúry by mal podporiť predaj domácich potravín  |c Jana Janků 
520 |a Zväčšovanie schodku zahraničného obchodu SR v odvetví poľnohospodárstva. Vývozy a dovozy. Hlavná príčina nepriaznivého vývoja zahraničného obchodu agrárneho sektora. Situáciu by mala zlepšiť centrálna marketingová agentúra slovenského agrokomplexu, ktorá by mala začať pracovať v budúcom roku. Existencia podobných agentúr v Maďarsku, Nemecku a Rakúsku. 
610 2 0 |a poľnohospodárstvo 
610 2 0 |a potravinárstvo 
610 2 0 |a potraviny 
610 2 0 |a vývoz 
610 2 0 |a dovoz 
610 2 0 |a obchod zahraničný 
610 2 0 |a agentúry 
610 2 0 |a marketing 
610 2 0 |a Slovensko 
610 2 0 |a Maďarsko 
610 2 0 |a Nemecko 
610 2 0 |a Rakúsko 
100 1 |a Janků, Jana